Problem solving with FORTRAN (Record no. 66993)

000 -LEADER
fixed length control field 00485nam a22001817a 4500
003 - CONTROL NUMBER IDENTIFIER
control field NUST - PNEC
005 - DATE AND TIME OF LATEST TRANSACTION
control field 20170116181009.0
008 - FIXED-LENGTH DATA ELEMENTS--GENERAL INFORMATION
fixed length control field 150912b xxu||||| |||| 00| 0 eng d
020 ## - INTERNATIONAL STANDARD BOOK NUMBER
International Standard Book Number 0030637341
020 ## - INTERNATIONAL STANDARD BOOK NUMBER
International Standard Book Number 4833702061
040 ## - CATALOGING SOURCE
Transcribing agency LIBRARY
082 ## - DEWEY DECIMAL CLASSIFICATION NUMBER
Classification number 005.133 DIL
100 ## - MAIN ENTRY--PERSONAL NAME
9 (RLIN) 9993
Personal name Dillman, Richard W.
245 ## - TITLE STATEMENT
Title Problem solving with FORTRAN
Statement of responsibility, etc. Richard W. Dillman
260 ## - PUBLICATION, DISTRIBUTION, ETC.
Date of publication, distribution, etc. c.1985
650 ## - SUBJECT ADDED ENTRY--TOPICAL TERM
9 (RLIN) 16425
Topical term or geographic name entry element Programming Language
General subdivision MIS.Computer Science
942 ## - ADDED ENTRY ELEMENTS (KOHA)
Source of classification or shelving scheme
Koha item type Book
Holdings
Withdrawn status Lost status Source of classification or shelving scheme Damaged status Not for loan Permanent Location Current Location Shelving location Date acquired Total Checkouts Full call number Barcode Date last seen Price effective from Koha item type
          Pakistan Navy Engineering College (PNEC) Pakistan Navy Engineering College (PNEC)       005,133 DIL PNECLIB-011688 09/12/2015   Book
          Pakistan Navy Engineering College (PNEC) Pakistan Navy Engineering College (PNEC)       001.6424 DIL PNECLIB-010900 09/19/2015   Book
          Pakistan Navy Engineering College (PNEC) Pakistan Navy Engineering College (PNEC)       001.6424 DIL PNECLIB-011687 10/01/2015   Book
          Pakistan Navy Engineering College (PNEC) Pakistan Navy Engineering College (PNEC)   10/03/2015   005.133 DIL PNECLIB-011689 10/03/2015   Book
          Pakistan Navy Engineering College (PNEC) Pakistan Navy Engineering College (PNEC)   10/03/2015   005.133 DIL PNECLIB-011690 10/03/2015   Book
          Pakistan Navy Engineering College (PNEC) Pakistan Navy Engineering College (PNEC)   10/04/2015   001.6424 DIL PNECLIB-011686 10/04/2015   Book
          Pakistan Navy Engineering College (PNEC) Pakistan Navy Engineering College (PNEC)   10/05/2015   005.133 DIL PNECLIB-011692 10/05/2015   Book
          Pakistan Navy Engineering College (PNEC) Pakistan Navy Engineering College (PNEC)   10/06/2015   001.6424 DIL PNECLIB-011685 10/06/2015   Book
          Pakistan Navy Engineering College (PNEC) Pakistan Navy Engineering College (PNEC)       005.133 DIL PNECLIB-011691 10/06/2015   Book
          Pakistan Navy Engineering College (PNEC) Pakistan Navy Engineering College (PNEC)       00005.13 DIL PNECLIB-015477 01/07/2016   Book
© 2023 Central Library, National University of Sciences and Technology. All Rights Reserved.